Consumer behavior : (Record no. 12346)
[ view plain ]
| 000 -LEADER | |
|---|---|
| fixed length control field | 00717cam a22002414a 4500 |
| 020 ## - INTERNATIONAL STANDARD BOOK NUMBER | |
| ISBN | 0072316020 |
| 020 ## - INTERNATIONAL STANDARD BOOK NUMBER | |
| ISBN | 0072411732 (disk) |
| 020 ## - INTERNATIONAL STANDARD BOOK NUMBER | |
| ISBN | 0072416882 (book + disk) |
| 040 ## - CATALOGING SOURCE | |
| Transcribing agency | DLC |
| 082 00 - DEWEY DECIMAL CLASSIFICATION NUMBER | |
| Classification number | 658 LIW 2001 A041 Or. |
| 100 1# - MAIN ENTRY--AUTHOR NAME | |
| Personal name | Hawkins, Del I |
| 245 10 - TITLE STATEMENT | |
| Title | Consumer behavior : |
| Remainder of title | building marketing strategy / |
| 250 ## - EDITION STATEMENT | |
| Edition statement | 8th ed |
| 260 ## - PUBLICATION, DISTRIBUTION, ETC. (IMPRINT) | |
| Place of publication | Boston : |
| Name of publisher | Irwin/McGraw Hill, |
| Year of publication | c2001 |
| 300 ## - PHYSICAL DESCRIPTION | |
| Number of Pages | xxiv, 775 p. : |
| Other physical details | ill. (some col.) ; |
| Dimensions | 27 cm. + |
| Accompanying material | 1 computer disk (3 1/2 in.) |
| 490 1# - SERIES STATEMENT | |
| Series statement | The Irwin/McGraw-Hill series in marketing |
| 650 #0 - SUBJECT ADDED ENTRY--TOPICAL TERM | |
| Topical Term | Consumer behavior |
| 650 #0 - SUBJECT ADDED ENTRY--TOPICAL TERM | |
| Topical Term | Market surveys |
| 650 #0 - SUBJECT ADDED ENTRY--TOPICAL TERM | |
| Topical Term | Consumer behavior |
| 700 1# - ADDED ENTRY--PERSONAL NAME | |
| Personal name | Best, Roger J |
| 700 1# - ADDED ENTRY--PERSONAL NAME | |
| Personal name | Coney, Kenneth A |
| 942 ## - ADDED ENTRY ELEMENTS (KOHA) | |
| Koha item type | សៀវភៅភាសាអង់គ្លេស |
| 952 ## - LOCATION AND ITEM INFORMATION (KOHA) | |
| Withdrawn status [LOCAL, KOHA] | 0 |
| Koha item type | Barcode | Lost status | Permanent Location | Current Location | Date acquired | Full call number |
|---|---|---|---|---|---|---|
| សៀវភៅភាសាអង់គ្លេស | A16824 | Library Block A | Library Block A | 2017-08-12 | 658 LIW 2001 A041 Or. |